| 000 | 00960nam a2200277 a 4500 | ||
|---|---|---|---|
| 001 | 68401 | ||
| 003 | BD-RjUL | ||
| 005 | 20211209081752.0 | ||
| 008 | 860320s1986 nyua b 001 0 eng | ||
| 020 |
_a0471820016 : _c$45.00 (est.) |
||
| 035 | _a(BD-RjUL)68611 | ||
| 040 |
_aDLC _cDLC _dDLC _dBD-RjUL _beng |
||
| 041 | _aeng | ||
| 082 | 0 | 0 |
_223 _a576 _bTHE 1976 |
| 245 | 1 | 0 |
_aThermophiles : _bgeneral, molecular, and applied microbiology / _cedited by Thomas D. Brock. |
| 260 |
_aNew York : _bWiley, _cc1986. |
||
| 300 |
_axii, 316 p. : _bill. ; _c24 cm. |
||
| 504 | _aIncludes bibliographies and index | ||
| 650 | 0 |
_aThermophilic microorganisms. _9202783 |
|
| 650 | 0 |
_aThermophilic bacteria. _9202784 |
|
| 650 | 0 |
_aIndustrial microbiology. _9163466 |
|
| 700 | 1 |
_aBrock, Thomas D. _9202785 |
|
| 830 |
_aWiley series in ecological and applied microbiology _9202786 |
||
| 942 |
_2ddc _cBK |
||
| 999 |
_c68401 _d68401 |
||